<?xml version="1.0" encoding="UTF-8"?>
<collection xmlns="http://www.loc.gov/MARC21/slim">
 <record>
  <leader>01702nam a2200229 a 4500</leader>
  <controlfield tag="001">1/33686</controlfield>
  <controlfield tag="008">071031s2004    gr       b    00010 gre d</controlfield>
  <datafield tag="020" ind1=" " ind2=" ">
   <subfield code="a">9601512985</subfield>
  </datafield>
  <datafield tag="035" ind1=" " ind2=" ">
   <subfield code="l">36117</subfield>
  </datafield>
  <datafield tag="040" ind1=" " ind2=" ">
   <subfield code="a">GR-PeUP</subfield>
  </datafield>
  <datafield tag="082" ind1="0" ind2="0">
   <subfield code="a">342.068 ΔΙΑ</subfield>
  </datafield>
  <datafield tag="245" ind1="0" ind2="2">
   <subfield code="a">Η διακίνηση των δημόσιων υπαλλήλων στις χώρες της Ευρωπαϊκής ένωσης /</subfield>
   <subfield code="c">Ερευνητική ομάδα Κωνσταντίνος Κρεμαλής ... [κ.α.]</subfield>
  </datafield>
  <datafield tag="260" ind1="0" ind2=" ">
   <subfield code="a">Αθήνα ;</subfield>
   <subfield code="a">Κομοτηνή,</subfield>
   <subfield code="c">2004.</subfield>
  </datafield>
  <datafield tag="300" ind1=" " ind2=" ">
   <subfield code="a">160 σ. ;</subfield>
   <subfield code="c">24 εκ.</subfield>
  </datafield>
  <datafield tag="490" ind1="1" ind2=" ">
   <subfield code="a">Μελέτες Εθνικού, Ευρωπαϊκού και Διεθνούς Κοινωνικού Δικαίου και Δικαίου της Υγείας ;</subfield>
  </datafield>
  <datafield tag="500" ind1=" " ind2=" ">
   <subfield code="a">Ερευνητικό πρόγραμμα [ΚΑ 70/4/58/15] με χρηματοδότηση από το Εθνικό και Καποδιστριακό Πανεπιστήμιο Αθηνών Ειδικό Λογαριασμό Κονδυλίων Έρευνας</subfield>
  </datafield>
  <datafield tag="504" ind1=" " ind2=" ">
   <subfield code="a">Περιέχει βιβλιογραφικές αναφορές.</subfield>
  </datafield>
  <datafield tag="650" ind1=" " ind2="4">
   <subfield code="a">Δημόσιοι υπάλληλοι</subfield>
   <subfield code="x">Νομικό καθεστώς, νόμοι κλπ.</subfield>
  </datafield>
  <datafield tag="700" ind1="1" ind2=" ">
   <subfield code="a">Κρεμαλής Κωνσταντίνος Δ.,</subfield>
   <subfield code="d">1947-</subfield>
  </datafield>
  <datafield tag="710" ind1="2" ind2=" ">
   <subfield code="a">Εθνικό και Καποδιστριακό Πανεπιστήμιο Αθηνών.</subfield>
  </datafield>
  <datafield tag="830" ind1=" " ind2=" ">
   <subfield code="a">Μελέτες Εθνικού, Ευρωπαϊκού και Διεθνούς Κοινωνικού Δικαίου και Δικαίου της Υγείας.</subfield>
  </datafield>
  <datafield tag="852" ind1=" " ind2=" ">
   <subfield code="a">INST</subfield>
   <subfield code="b">UNIPILB</subfield>
   <subfield code="c">MAIN</subfield>
   <subfield code="e">20071031</subfield>
   <subfield code="h">342.068 ΔΙΑ</subfield>
   <subfield code="p">00153997</subfield>
   <subfield code="q">00153997</subfield>
   <subfield code="t">DES</subfield>
   <subfield code="y">0</subfield>
   <subfield code="4">1</subfield>
  </datafield>
 </record>
</collection>
